Album - La vie de rêve de Bigflo & Oli - Statistiques

Statistiques générales
  • Ce quiz a été pris 25 fois
  • Le résultat moyen est 11 sur 17
Statistiques - réponses
Chansons % Correct
3 (ft. Petit Biscuit) Demain
90%
12 (ft. Black M, Soprano) C'est que du rap
86%
15 La vie de rêve
81%
6 Maman
76%
14 Il est où ton frère ?
71%
1 Nous aussi 2
71%
5 Bienvenue chez moi
67%
8 Florian
67%
7 (ft. Kacem Wapalek, Naâman) La seule
67%
2 Plus tard
67%
11 Sur la lune
67%
13 Château de sable
57%
9 (ft. Tryo) Ferme les yeux
57%
4 Rentrez chez vous
57%
10 Rendez-vous là-haut
52%
16 Stade
38%
17 Promesses
33%
Aucun quiz correspondant
Distribution des résultats
% des personnes avec chaque résultat
Percentile par nombre de réponses
Votre historique - résultats
Vous n’avez pas pris ce quiz